| 000 | 00835nam a2200253 i 4500 | ||
|---|---|---|---|
| 001 | bg | ||
| 100 | 1 | _aLEINECKER, Richard C. | |
| 245 | 1 | 0 |
_aVisual C ++ 6 : _bvademecum profesjonalisty / _cRichard C. Leinecker, Tom Archer ; [tł. z ang. Marcin Pancewicz]. |
| 246 |
_iTyt. oryg.: _aVisual C++ Bible |
||
| 260 |
_aWarszawa : _bHELION, _ccop. 2000. |
||
| 300 |
_a1204 s. : _brys. ; _c25 cm + _eCD ROM. |
||
| 500 | _aTyt. oryg.: "Visual C++ Bible". | ||
| 650 | 9 | _aVisual C++ | |
| 655 | _aPodręczniki | ||
| 700 | 1 | _aARCHER, Tom | |
| 020 | _a8371972601 | ||
| 040 | _cBPK | ||
| 041 | 1 |
_apl _hen |
|
| 080 | _a004.438(07)Visual C++ | ||
| 920 | _a83-7197-260-1 | ||
| 942 | _cKS | ||
| 008 | s pl f |000 0 pol | ||
| 856 |
_uhttp://koha.tu.koszalin.pl/cgi-bin/koha/opac-detail.pl?biblionumber=38132 _yKatalog online BPK |
||
| 999 |
_c38132 _d38132 |
||